Irrigation Water Resources and Water Power Engineering (Record no. 5872)

MARC details
000 -LEADER
fixed length control field 00345nam a2200133Ia 4500
003 - CONTROL NUMBER IDENTIFIER
control field OSt
008 - FIXED-LENGTH DATA ELEMENTS--GENERAL INFORMATION
fixed length control field 191201s2012 xx 000 0 und d
100 ## - MAIN ENTRY--PERSONAL NAME
Personal name MODI, PN
245 #0 - TITLE STATEMENT
Title Irrigation Water Resources and Water Power Engineering
260 ## - PUBLICATION, DISTRIBUTION, ETC. (IMPRINT)
Place of publication, distribution, etc N. delhi
Name of publisher, distributor, etc Standard Publishere
Date of publication, distribution, etc 2012
300 ## - PHYSICAL DESCRIPTION
Extent 1070
650 ## - SUBJECT ADDED ENTRY--TOPICAL TERM
Topical term or geographic name as entry element B.Tech(CE)
942 ## - ADDED ENTRY ELEMENTS (KOHA)
Source of classification or shelving scheme Dewey Decimal Classification
Koha item type Text Books
942 ## - ADDED ENTRY ELEMENTS (KOHA)
-- 2
Holdings
Withdrawn status Lost status Source of classification or shelving scheme Damaged status Not for loan Collection code Home library Current library Date acquired Source of acquisition Cost, normal purchase price Bill Number Total Checkouts Full call number Acc. no. / Barcode Date last seen Date last borrowed Actual Cost, discounted price Bill Date Koha item type
    Dewey Decimal Classification     B.Tech(CE) PIET C-LIBRARY PIET C-LIBRARY 19/03/2014 IBH, New Delhi 580.00 22960 3 627.52 MOI 23793 23/11/2020 19/11/2020 445.44 12/03/2014 Text Books
    Dewey Decimal Classification     B.Tech(CE) PIET C-LIBRARY PIET C-LIBRARY 19/03/2014 IBH, New Delhi 580.00 22960 1 627.52 MOI 23794 01/03/2021 16/03/2020 445.44 12/03/2014 Text Books
    Dewey Decimal Classification     B.Tech(CE) PIET C-LIBRARY PIET C-LIBRARY 19/03/2014 IBH, New Delhi 580.00 22960   627.52 MOI 23795 04/12/2019   445.44 12/03/2014 Text Books
    Dewey Decimal Classification     B.Tech(CE) PIET C-LIBRARY PIET C-LIBRARY 19/03/2014 IBH, New Delhi 580.00 22960 3 627.52 GAI 23796 24/03/2023 09/03/2023 445.44 12/03/2014 Text Books
    Dewey Decimal Classification     B.Tech(CE) PIET C-LIBRARY PIET C-LIBRARY 19/03/2014 IBH, New Delhi 580.00 22960   627.52 MOI 23797 04/12/2019   445.44 12/03/2014 Text Books

Design & Developed by: PIET Central Library
R70 Miles Stone Pattikalyana Samalkha Panipat 132102
mail ID :- [email protected], Phone No:- 0180-2569700 Ex.216